The tragedy of lynching / (Record no. 124106)

MARC details
000 -LEADER
campo de control de longitud fija 00488nam a2200169 i 4500
001 - NÚMERO DE CONTROL
campo de control 124106
003 - IDENTIFICADOR DE NÚMERO DE CONTROL
campo de control ES-MaACL
005 - FECHA Y HORA DE LA ÚLTIMA TRANSACCIÓN
campo de control 20230906192325.0
007 - CAMPO FIJO DE DESCRIPCIÓN FÍSICA--INFORMACIÓN GENERAL
campo de control de longitud fija t|
008 - DATOS DE LONGITUD FIJA--INFORMACIÓN GENERAL
campo de control de longitud fija 070214s1933 xxu r ||||1| eng d
100 1# - ENTRADA PRINCIPAL--NOMBRE DE PERSONA
Nombre de persona Raper, Arthur F.
9 (RLIN) 95452
245 14 - MENCIÓN DEL TÍTULO
Título The tragedy of lynching /
Mención de responsabilidad, etc. Arthur F. Raper.
260 ## - PUBLICACIÓN, DISTRIBUCIÓN, ETC.
Lugar de publicación, distribución, etc. Chapel Hill (U.S.A.) :
Nombre del editor, distribuidor, etc. University North Caroline Press,
Fecha de publicación, distribución, etc. 1933.
300 ## - DESCRIPCIÓN FÍSICA
Extensión VIII, 499 p. ;
Dimensiones 22 cm.
650 #4 - PUNTO DE ACCESO ADICIONAL DE MATERIA--TÉRMINO DE MATERIA
Término de materia o nombre geográfico como elemento de entrada Linchamiento.
9 (RLIN) 143340
852 ## - LOCALIZACIÓN
Ubicación ES-MaACL
Número de control de estantería A-1792
Holdings
Estatus retirado Estado de pérdida Estado de daño No para préstamo Biblioteca de origen Biblioteca actual Ubicación en estantería Fecha de adquisición Fuente de adquisición Total de préstamos Signatura topográfica completa Código de barras Visto por última vez Precio de reemplazo Tipo de ítem Koha
        Biblioteca del Ateneo de Madrid Biblioteca del Ateneo de Madrid Sala Pecera Planta 1 17/01/2008     A-1792 1129294 23/02/2023 23/02/2023 Libro impreso